00433 2200169 4500245005300000020002200053250001100075100003200086650002300118005001900141260003000160041001400190084000800204300002200212490002000234336000900254 aThe CassettescYoviena Kusuma T. TamarannyhText a978-602-242-598-4 aCet. 1 aYoviena Kusuma T. Tamaranny aCerita Petualangan a20230112080951 aBandungbDAR! Mizanc2014 aIndonesia a813 a192 hlm. :cilus. aSeri Fantasteen atext